| 000 | 00937nam a22003257a 4500 | ||
|---|---|---|---|
| 001 | 0025766 | ||
| 003 | KOHA_MİRAKIL | ||
| 005 | 20260207002510.0 | ||
| 007 | ta | ||
| 008 | 101207b1995 tu |||gr||||#||||0|tur | | ||
| 020 | _a9757395447 | ||
| 040 |
_aTR-BiSEU _btur _cTR-BiSEU _erda |
||
| 041 | 0 | _atur | |
| 044 | _ctu | ||
| 050 |
_aJF1358 _b.E79 1995 |
||
| 100 | 1 | _aEryılmaz, Bilâl. | |
| 245 | 1 |
_aKamu yönetimi/ _cBilâl Eryılmaz ; Bilâl Eryılmaz. |
|
| 250 | _a2. Baskı | ||
| 264 | 1 |
_aİzmir : _bAkademi Kitabevi _c1995 |
|
| 300 |
_aXVII, 334 sayfa ; _c25 cm |
||
| 336 |
_ametin _btxt _2rdacontent |
||
| 337 |
_aaracısız _bn _2rdamedia |
||
| 338 |
_acilt _bnc _2rdacarrier |
||
| 490 | 1 |
_aÜniversite Kitapları ; _v5 |
|
| 500 | _aKaynakça var. | ||
| 650 | 0 |
_aKamu yönetimi--Türkiye. _97809 |
|
| 650 | 0 |
_aPublic administration--Turkey. _97810 |
|
| 830 | 1 |
_aÜniversite Kitapları ; _v5 _97811 |
|
| 942 |
_2lcc _cBK |
||
| 999 |
_c25713 _d25713 |
||